000 00827cab a2200289 4500
001 WB3415-34
008 090401t1998 xxu||||| |||| 00| 0 eng d
035 _a(Sirsi) u85741
041 _aeng
245 _aHousing in the Thames Valley
260 _c1998
350 _a0
490 _aFinancial Times
_v18 April 1998, 6(1)
520 _aHousing demand is the key issue in Berkshire, due to the continuing growth of high-technology industries into the area.
650 _aBERKSHIRE
650 _aGREENBELT
650 _aHEATHROW
650 _aHOUSEHOLD PROJECTION
650 _aHOUSING DEMAND
650 _aMANAGEMENT-BUSINESS MANAGEMENT-INFORMATION MANAGEMENT
650 _aM4 CORRIDOR
650 _aM4
650 _aTHAMES VALLEY
690 _aHOUSING-DEVELOPMENT
942 _n0
948 _c22/04/1998
999 _c53938
_d53938